Personal Names Based on Geography - Statistics

General Stats
  • This quiz has been taken 19 times
    13 since last reset
  • The average score is 5 of 35
Answer Stats
Hint Answer % Correct
F Paris
77%
F India
62%
F London
62%
F Dakota
38%
F Brooklyn
31%
F Florence
31%
F France
31%
F/M Jordan
31%
F Malaysia
31%
F Savannah
31%
F Cheyenne
23%
M Israel
15%
M Roman
15%
F Brittany
8%
F Guadalupe
8%
F Nancy
8%
F/M Shannon
8%
F Adria
0%
M Adrian
0%
F Adriana
0%
F Adrienne
0%
F Carmela
0%
F Carmen
0%
F Chelsea
0%
F Eden
0%
M Judah
0%
M Lawrence
0%
F Lorraine
0%
F Lydia
0%
F Moriah
0%
M Norman
0%
F Olympia
0%
F Sabina
0%
F Sabrina
0%
F Sharon
0%
No matching quizzes found
Score Distribution
Percent of People with Each Score
Percentile by Number Answered
Your Score History
You have not taken this quiz since the last reset